Catálogo
 En Linea

Los Complices de Mario Conde :. (Registro nro. 42903)

Detalles MARC
000 -CABECERA
campo de control de longitud fija 00269nam a2200109 a 4500
005 - FECHA Y HORA DE LA ÚLTIMA TRANSACCIÓN
campo de control 20201002040907.0
008 - DATOS DE LONGITUD FIJA--INFORMACIÓN GENERAL
campo de control de longitud fija 140314s1994 000 spa d
020 ## - NÚMERO INTERNACIONAL ESTÁNDAR DEL LIBRO
Número Internacional Estándar del Libro 8478802487
040 ## - FUENTE DE LA CATALOGACIÓN
Centro catalogador/agencia de origen DO-SdBNP
245 #4 - MENCIÓN DE TÍTULO
Título Los Complices de Mario Conde :.
260 ## - PUBLICACIÓN, DISTRIBUCIÓN, ETC.
Lugar de publicación, distribución, etc. España,
Fecha de publicación, distribución, etc. 1994.

No hay ítems disponibles.

Con tecnología Koha